Moccasin trail / (Record no. 4713)

MARC details
000 -LEADER
fixed length control field 00792nam a22002537a 4500
001 - CONTROL NUMBER
control field 4713
003 - CONTROL NUMBER IDENTIFIER
control field FISKH
005 - DATE AND TIME OF LATEST TRANSACTION
control field 20240925092850.0
008 - FIXED-LENGTH DATA ELEMENTS--GENERAL INFORMATION
fixed length control field 240925b cb ||||| |||| 00| 0 eng d
020 ## - INTERNATIONAL STANDARD BOOK NUMBER
International Standard Book Number 9780140321708
040 ## - CATALOGING SOURCE
Original cataloging agency FISKH
Language of cataloging eng
Transcribing agency FISKH
Modifying agency FISKH
050 ## - LIBRARY OF CONGRESS CALL NUMBER
Classification number PZ7.M47853
082 ## - DEWEY DECIMAL CLASSIFICATION NUMBER
Edition number 813
100 ## - MAIN ENTRY--PERSONAL NAME
Personal name Mcgraw, Jarvis Eloise
Dates associated with a name (1915–2000)
245 ## - TITLE STATEMENT
Title Moccasin trail /
Statement of responsibility, etc. by Eloise Jarvis McGraw
250 ## - EDITION STATEMENT
Edition statement Published in 1986
260 ## - PUBLICATION, DISTRIBUTION, ETC.
Place of publication, distribution, etc. Auckland :
Name of publisher, distributor, etc. Puffin Books,
Date of publication, distribution, etc. 1986.
300 ## - PHYSICAL DESCRIPTION
Extent 247 pages :
Dimensions 20cm
520 ## - SUMMARY, ETC.
Summary, etc. A pioneer boy, brought up by Crow Indians, is reunited with his family and attempts to orient himself in the white man's culture.
650 ## - SUBJECT ADDED ENTRY--TOPICAL TERM
Source of heading or term American history
Topical term or geographic name entry element Newbery
650 ## - SUBJECT ADDED ENTRY--TOPICAL TERM
Source of heading or term 19th century
Topical term or geographic name entry element Indians
942 ## - ADDED ENTRY ELEMENTS (KOHA)
Source of classification or shelving scheme Dewey Decimal Classification
Koha item type Books
Suppress in OPAC No
Holdings
Withdrawn status Lost status Source of classification or shelving scheme Damaged status Not for loan Collection Home library Current library Shelving location Date acquired Total Checkouts Full call number Barcode Date last seen Copy number Price effective from Koha item type
    Dewey Decimal Classification     Fiction Footprints International School Library Network Toul Kork Campus Footprints International School Library Network Toul Kork Campus TTP Secondary Fiction Bookshelves 09/25/2024   MCG 813 PZ7.M47853 2024-2071 09/25/2024 1 09/25/2024 Books